Taking back the gospel / (Record no. 9354)
[ view plain ]
| 000 -LEADER | |
|---|---|
| fixed length control field | 00867cam a2200277 a 4500 |
| 001 - CONTROL NUMBER | |
| control field | 40043620 |
| 003 - CONTROL NUMBER IDENTIFIER | |
| control field | OCoLC |
| 005 - DATE AND TIME OF LATEST TRANSACTION | |
| control field | 20210112164652.0 |
| 008 - FIXED-LENGTH DATA ELEMENTS--GENERAL INFORMATION | |
| fixed length control field | 980928s1999 oru b 000 0 eng |
| 010 ## - LIBRARY OF CONGRESS CONTROL NUMBER | |
| LC control number | 98045765 |
| 020 ## - INTERNATIONAL STANDARD BOOK NUMBER | |
| International Standard Book Number | 0736900659 |
| 020 ## - INTERNATIONAL STANDARD BOOK NUMBER | |
| International Standard Book Number | 9780736900652 |
| 035 ## - SYSTEM CONTROL NUMBER | |
| System control number | (OCoLC)40043620 |
| Canceled/invalid control number | (OCoLC)123071274 |
| 040 ## - CATALOGING SOURCE | |
| Original cataloging agency | DLC |
| Language of cataloging | eng |
| Transcribing agency | DLC |
| Modifying agency | BTCTA |
| -- | BAKER |
| -- | OCLCF |
| -- | OCLCQ |
| -- | OCLCO |
| -- | BSC |
| 092 ## - LOCALLY ASSIGNED DEWEY CALL NUMBER (OCLC) | |
| Classification number | 230.0440973 |
| Item number | S6421t, 1999 |
| 100 1# - MAIN ENTRY--PERSONAL NAME | |
| Personal name | Smith, Bailey E. |
| 245 10 - TITLE STATEMENT | |
| Title | Taking back the gospel / |
| Statement of responsibility, etc. | Bailey Smith. |
| 260 ## - PUBLICATION, DISTRIBUTION, ETC. | |
| Place of publication, distribution, etc. | Eugene, Or. : |
| Name of publisher, distributor, etc. | Harvest House Publishers, |
| Date of publication, distribution, etc. | ©1999. |
| 300 ## - PHYSICAL DESCRIPTION | |
| Extent | 197 pages ; |
| Dimensions | 21 cm |
| 336 ## - CONTENT TYPE | |
| Content type term | text |
| Content type code | txt |
| Source | rdacontent |
| 337 ## - MEDIA TYPE | |
| Media type term | unmediated |
| Media type code | n |
| Source | rdamedia |
| 338 ## - CARRIER TYPE | |
| Carrier type term | volume |
| Carrier type code | nc |
| Source | rdacarrier |
| 504 ## - BIBLIOGRAPHY, ETC. NOTE | |
| Bibliography, etc. note | Includes bibliographical references (pages 193-197). |
| 650 #0 - SUBJECT ADDED ENTRY--TOPICAL TERM | |
| Topical term or geographic name entry element | Christian life |
| General subdivision | Baptist authors. |
| 942 ## - ADDED ENTRY ELEMENTS (KOHA) | |
| Source of classification or shelving scheme | Dewey Decimal Classification |
| Koha item type | Books |
| Withdrawn status | Lost status | Source of classification or shelving scheme | Damaged status | Not for loan | Collection code | Home library | Current library | Shelving location | Date acquired | Total Checkouts | Full call number | Barcode | Date last seen | Price effective from | Koha item type |
|---|---|---|---|---|---|---|---|---|---|---|---|---|---|---|---|
| Dewey Decimal Classification | Non-fiction | Harvest Mission College | Harvest Mission College | New Materials Shelf | 20.01.2021 | 230 SM642T | 010665 | 20.01.2021 | 20.01.2021 | Books |
